| 000 | 00717nam a2200229 a 4500 | ||
|---|---|---|---|
| 001 | |||
| 003 | DO-SdBNP | ||
| 005 | 20220125075432.0 | ||
| 008 | 110425s1989 dr 000 0 spa d | ||
| 040 |
_aBPMSU _bspa _cBPMSU |
||
| 082 |
_a923.57293 _bG633M1989 _222 |
||
| 100 | 1 | _aMorales, Salvador E. | |
| 245 | 1 | 0 |
_aMáximo Gómez el libertador de Cuba / _cSalvador Morales. |
| 260 |
_aSanto Domingo : _bAlfa & Omega, _c1989. |
||
| 300 |
_a55 p. ; _c21 cm. |
||
| 590 | _6Inventariado, 2022/VM | ||
| 600 | 1 | 4 |
_aGómez, Máximo, _d1836-1905 |
| 651 | 4 |
_aCuba _xHistoria _yGuerra de los Diez años, 1868-1878 |
|
| 651 | 4 |
_aCuba _xHistoria _yGuerra de Independencia, 1895-1898 |
|
| 910 | _a VMateo V. | ||
| 942 |
_2ddc _cBK |
||
| 999 |
_c13974 _d13974 |
||